Geografia Polski na literę C - Statystyki

Ogólne statystyki
  • Ten quiz został rozwiązany 168 razy
  • Średni wynik to 7 z 16
Statystyki odpowiedzi
Wskazówka Odpowiedź % Poprawnych
Państwo, z którym Polska dzieli najdłuższą granicę Czechy
95%
Drugie największe miasto w Polsce, które nie jest stolicą województwa Częstochowa
85%
Trzecie największe miasto woj. lubelskiego Chełm
76%
Miasto znane z klubu sportowego, które wygrało 14 razy piłkarską Ekstraklase Chorzów
73%
0,2% Polski znajduje się w zlewisku morza... Czarnego
72%
Jedno z najczęstszych państw wybieranych przez Polaków jako punkt wakacyjny Chorwacja
69%
Wieś na półwyspie helskim Chałupy
55%
Powiat, w którym znajdują się źródła Wisły cieszyński
52%
Miasto znajdujące się 120km na południowy-zachód od Gdańska Chojnice
45%
Powiat z tablicami rejestracyjnymi WCI ciechanowski
30%
Miasto w województwie bielskim (woj. śląskie) Czechowice-Dziedzice
28%
Rzeka przepływająca przez Suwałki. Ma także swoje ujście na Białorusi Czarna Hańcza
16%
Park krajobrazowy w województwie zachodniopomorskim Cedyński
7%
Park krajobrazowy w województwie kujawsko-pomorskim na Dolinie Dolnej Wisły Chełmiński
7%
Największe jezioro w gminie o tej samej nazwie co powyższe Charzykowskie
6%
Rzeka o długości 57,3km, będąca lewym dopływem Odry Cicha Woda
0%
Nie znaleziono quizów pasujących do podanych kryteriów
Rozkład punktacji
Procent ludzi z każdym wynikiem
Percentyl według liczby udzielonych odpowiedzi
Twoja historia wyników
Nie rozwiązałeś tego quizu